<?xml version="1.0" encoding="UTF-8"?>
<record
    xmlns:xsi="http://www.w3.org/2001/XMLSchema-instance"
    xsi:schemaLocation="http://www.loc.gov/MARC21/slim http://www.loc.gov/standards/marcxml/schema/MARC21slim.xsd"
    xmlns="http://www.loc.gov/MARC21/slim">

  <leader>02128ncm0a2200433   4500</leader>
  <controlfield tag="001">RU\NLR\ONIZ\212958</controlfield>
  <controlfield tag="005">20250624195825.0</controlfield>
  <datafield tag="035" ind1=" " ind2=" ">
    <subfield code="a">(NLR Aleph) 010892446</subfield>
  </datafield>
  <datafield tag="071" ind1="2" ind2="0">
    <subfield code="a">&#x441; 3372 &#x43A;</subfield>
  </datafield>
  <datafield tag="090" ind1=" " ind2=" ">
    <subfield code="a">10561699</subfield>
    <subfield code="c">10561699</subfield>
  </datafield>
  <datafield tag="100" ind1=" " ind2=" ">
    <subfield code="a">20151105d2003    |||y0rusy50      ca</subfield>
  </datafield>
  <datafield tag="101" ind1="0" ind2=" ">
    <subfield code="a">rus</subfield>
  </datafield>
  <datafield tag="102" ind1=" " ind2=" ">
    <subfield code="a">RU</subfield>
  </datafield>
  <datafield tag="125" ind1=" " ind2=" ">
    <subfield code="a">ax</subfield>
  </datafield>
  <datafield tag="200" ind1="1" ind2=" ">
    <subfield code="a">&#x414;&#x43E;&#x436;&#x434;&#x438;&#x43A; &#x438; &#x445;&#x443;&#x434;&#x43E;&#x436;&#x43D;&#x438;&#x43A;</subfield>
    <subfield code="b">&#x41D;&#x43E;&#x442;&#x44B;</subfield>
    <subfield code="e">&#x43F;&#x435;&#x441;&#x43D;&#x438; &#x434;&#x43B;&#x44F; &#x434;&#x435;&#x442;. &#x445;&#x43E;&#x440;&#x430; &#x441; &#x441;&#x43E;&#x43F;&#x440;&#x43E;&#x432;&#x43E;&#x436;&#x434;. [&#x444;&#x43F;.]</subfield>
    <subfield code="f">&#x414;. &#x416;&#x443;&#x447;&#x435;&#x43D;&#x43A;&#x43E;</subfield>
  </datafield>
  <datafield tag="210" ind1=" " ind2=" ">
    <subfield code="a">&#x421;&#x430;&#x43D;&#x43A;&#x442;-&#x41F;&#x435;&#x442;&#x435;&#x440;&#x431;&#x443;&#x440;&#x433;</subfield>
    <subfield code="c">&#x41A;&#x43E;&#x43C;&#x43F;&#x43E;&#x437;&#x438;&#x442;&#x43E;&#x440; - &#x421;&#x430;&#x43D;&#x43A;&#x442;-&#x41F;&#x435;&#x442;&#x435;&#x440;&#x431;&#x443;&#x440;&#x433;</subfield>
    <subfield code="d">2003</subfield>
  </datafield>
  <datafield tag="215" ind1=" " ind2=" ">
    <subfield code="a">32 &#x441;.</subfield>
    <subfield code="d">29 &#x441;&#x43C;</subfield>
  </datafield>
  <datafield tag="327" ind1="1" ind2=" ">
    <subfield code="a">1. &#x414;&#x43E;&#x436;&#x434;&#x438;&#x43A; &#x438; &#x445;&#x443;&#x434;&#x43E;&#x436;&#x43D;&#x438;&#x43A;; 2. &#x411;&#x430;&#x431;&#x443;&#x448;&#x43A;&#x430;-&#x43C;&#x435;&#x442;&#x435;&#x43B;&#x44C;; 3. &#x41E;&#x445;&#x43E;&#x442;&#x43D;&#x438;&#x43A;; 4. &#x423; &#x440;&#x443;&#x447;&#x44C;&#x44F;: &#x43F;&#x43E; &#x43C;&#x43E;&#x442;&#x438;&#x432;&#x430;&#x43C; &#x441;&#x442;&#x438;&#x445;&#x43E;&#x442;&#x432;&#x43E;&#x440;&#x435;&#x43D;&#x438;&#x44F; &#x413;. &#x41D;&#x43E;&#x432;&#x438;&#x446;&#x43A;&#x43E;&#x439;; 5. &#x41D;&#x430; &#x440;&#x44B;&#x431;&#x430;&#x43B;&#x43A;&#x443;; 6. &#x414;&#x435;&#x43D;&#x44C; &#x430;&#x43F;&#x440;&#x435;&#x43B;&#x44C;&#x441;&#x43A;&#x438;&#x439;; 7. &#x414;&#x443;&#x44D;&#x442; / &#x441;&#x43B;. &#x41D;. &#x425;&#x440;&#x443;&#x449;&#x451;&#x432;&#x43E;&#x439; (1, 3), &#x421;. &#x41A;&#x440;&#x430;&#x441;&#x43D;&#x43E;&#x432;&#x43E;&#x439; (2, 6), &#x414;&#x43C;. &#x416;&#x443;&#x447;&#x435;&#x43D;&#x43A;&#x43E; (5), &#x424;. &#x422;&#x44E;&#x442;&#x447;&#x435;&#x432;&#x430; (7)</subfield>
  </datafield>
  <datafield tag="606" ind1="1" ind2=" ">
    <subfield code="a">&#x41F;&#x435;&#x441;&#x43D;&#x438; &#x434;&#x43B;&#x44F; &#x434;&#x435;&#x442;&#x441;&#x43A;&#x43E;&#x433;&#x43E; &#x445;&#x43E;&#x440;&#x430;</subfield>
    <subfield code="y">&#x420;&#x43E;&#x441;&#x441;&#x438;&#x44F;</subfield>
    <subfield code="z">20-21 &#x432;&#x432;.</subfield>
    <subfield code="j">&#x41D;&#x43E;&#x442;&#x44B;</subfield>
    <subfield code="2">nlr_sh</subfield>
  </datafield>
  <datafield tag="686" ind1=" " ind2=" ">
    <subfield code="a">&#x429;941.8-42&#x44F;44(2&#x420;=&#x420;&#x443;&#x441;)</subfield>
    <subfield code="v">LBC/SL</subfield>
    <subfield code="2">rubbk</subfield>
  </datafield>
  <datafield tag="686" ind1=" " ind2=" ">
    <subfield code="a">&#x429;984.22&#x44F;44(2&#x420;=&#x420;&#x443;&#x441;)</subfield>
    <subfield code="v">LBC/SL</subfield>
    <subfield code="2">rubbk</subfield>
  </datafield>
  <datafield tag="700" ind1=" " ind2="1">
    <subfield code="9">z01790</subfield>
    <subfield code="a">&#x416;&#x443;&#x447;&#x435;&#x43D;&#x43A;&#x43E;</subfield>
    <subfield code="b">&#x414;. &#x41E;.</subfield>
    <subfield code="f">1965-</subfield>
    <subfield code="g">&#x414;&#x43C;&#x438;&#x442;&#x440;&#x438;&#x439; &#x41E;&#x43B;&#x435;&#x433;&#x43E;&#x432;&#x438;&#x447;</subfield>
    <subfield code="4">230</subfield>
  </datafield>
  <datafield tag="702" ind1=" " ind2="1">
    <subfield code="9">z02790</subfield>
    <subfield code="a">&#x425;&#x440;&#x443;&#x449;&#x451;&#x432;&#x430;</subfield>
    <subfield code="b">&#x41D;.</subfield>
    <subfield code="g">&#x41D;&#x430;&#x442;&#x430;&#x43B;&#x44C;&#x44F;</subfield>
    <subfield code="4">520</subfield>
  </datafield>
  <datafield tag="702" ind1=" " ind2="1">
    <subfield code="9">z03790</subfield>
    <subfield code="a">&#x422;&#x44E;&#x442;&#x447;&#x435;&#x432;</subfield>
    <subfield code="b">&#x424;.&#x418;.</subfield>
    <subfield code="f">1803-1873</subfield>
    <subfield code="g">&#x424;&#x435;&#x434;&#x43E;&#x440; &#x418;&#x432;&#x430;&#x43D;&#x43E;&#x432;&#x438;&#x447;</subfield>
    <subfield code="4">520</subfield>
    <subfield code="7">ca</subfield>
  </datafield>
  <datafield tag="702" ind1=" " ind2="1">
    <subfield code="9">z04790</subfield>
    <subfield code="a">&#x41A;&#x440;&#x430;&#x441;&#x43D;&#x43E;&#x432;&#x430;</subfield>
    <subfield code="b">&#x421;.</subfield>
    <subfield code="4">520</subfield>
  </datafield>
  <datafield tag="702" ind1=" " ind2="1">
    <subfield code="9">z05790</subfield>
    <subfield code="a">&#x41D;&#x43E;&#x432;&#x438;&#x446;&#x43A;&#x430;&#x44F;</subfield>
    <subfield code="b">&#x413;. &#x41C;.</subfield>
    <subfield code="f">1933-2000</subfield>
    <subfield code="g">&#x413;&#x430;&#x43B;&#x438;&#x43D;&#x430; &#x41C;&#x438;&#x445;&#x430;&#x439;&#x43B;&#x43E;&#x432;&#x43D;&#x430;</subfield>
    <subfield code="4">520</subfield>
  </datafield>
  <datafield tag="790" ind1=" " ind2="1">
    <subfield code="9">z01700</subfield>
    <subfield code="a">Zhuchenko</subfield>
    <subfield code="b">D.</subfield>
    <subfield code="f">1965-</subfield>
    <subfield code="g">Dmitrij</subfield>
    <subfield code="4">230</subfield>
  </datafield>
  <datafield tag="790" ind1=" " ind2="1">
    <subfield code="9">z02702</subfield>
    <subfield code="a">Xrushhyova</subfield>
    <subfield code="b">N.</subfield>
    <subfield code="g">Natal`ya</subfield>
    <subfield code="4">520</subfield>
  </datafield>
  <datafield tag="790" ind1=" " ind2="1">
    <subfield code="9">z03702</subfield>
    <subfield code="a">Tyutchev</subfield>
    <subfield code="b">F. I.</subfield>
    <subfield code="f">1803-1873</subfield>
    <subfield code="g">Fyodor Ivanovich</subfield>
    <subfield code="4">520</subfield>
    <subfield code="7">ba</subfield>
  </datafield>
  <datafield tag="790" ind1=" " ind2="1">
    <subfield code="9">z04702</subfield>
    <subfield code="a">Krasnova</subfield>
    <subfield code="b">S.</subfield>
    <subfield code="4">520</subfield>
  </datafield>
  <datafield tag="790" ind1=" " ind2="1">
    <subfield code="9">z05702</subfield>
    <subfield code="a">Noviczkaya</subfield>
    <subfield code="b">G.</subfield>
    <subfield code="f">1933-2000</subfield>
    <subfield code="g">Galina</subfield>
    <subfield code="4">520</subfield>
  </datafield>
  <datafield tag="801" ind1=" " ind2="0">
    <subfield code="a">RU</subfield>
    <subfield code="b">NLR</subfield>
    <subfield code="c">20151105</subfield>
    <subfield code="g">PSBO</subfield>
  </datafield>
  <datafield tag="801" ind1=" " ind2="1">
    <subfield code="a">RU</subfield>
    <subfield code="b">NLR</subfield>
    <subfield code="c">20151105</subfield>
    <subfield code="2">rusmarc</subfield>
  </datafield>
  <datafield tag="801" ind1=" " ind2="2">
    <subfield code="a">RU</subfield>
    <subfield code="b">NLR</subfield>
    <subfield code="c">20151112</subfield>
  </datafield>
  <datafield tag="852" ind1=" " ind2=" ">
    <subfield code="a">NLR</subfield>
    <subfield code="b">&#x41C;</subfield>
    <subfield code="j">&#x41A;-3/27531</subfield>
    <subfield code="p">257298</subfield>
    <subfield code="t">1</subfield>
  </datafield>
  <datafield tag="942" ind1=" " ind2=" ">
    <subfield code="c">SCORE</subfield>
  </datafield>
  <datafield tag="980" ind1=" " ind2=" ">
    <subfield code="a">NB</subfield>
  </datafield>
  <datafield tag="980" ind1=" " ind2=" ">
    <subfield code="a">ONIZ</subfield>
  </datafield>
  <datafield tag="995" ind1=" " ind2=" ">
    <subfield code="5">2015-11-05</subfield>
    <subfield code="b">NLR01</subfield>
    <subfield code="c">NLR01</subfield>
    <subfield code="e">ONIZ</subfield>
    <subfield code="k">&#x41A;-3/27531 &#x41A;-3/27531</subfield>
    <subfield code="o">0</subfield>
    <subfield code="r">SCORE</subfield>
    <subfield code="s">327531_327531</subfield>
  </datafield>
</record>
